Euro 2024 Round of 16 - France - Belgium - Statistics

General Stats
  • This quiz has been taken 174 times
  • The average score is 20 of 28
Answer Stats
Player % Correct
Kylian Mbappé
99%
Romelu Lukaku
92%
Théo Hernandez
91%
Antoine Griezmann
90%
Kevin De Bruyne
90%
Mike Maignan
90%
N'Golo Kanté
88%
Jules Koundé
83%
Adrien Rabiot
82%
Didier Deschamps
82%
Dayot Upamecano
81%
Jan Vertonghen
81%
Aurélien Tchouaméni
78%
William Saliba
78%
Marcus Thuram
77%
Jérémy Doku
76%
Randal Kolo Muani
76%
Koen Casteels
71%
Timothy Castagne
63%
Wout Faes
63%
Yannick Carrasco
63%
Loïs Openda
62%
Amadou Onana
56%
Arthur Theate
53%
Domenico Tedesco
46%
Dodi Lukebakio
40%
Orel Mangala
39%
Charles De Ketelaere
37%
No matching quizzes found
Score Distribution
Percent of People with Each Score
Percentile by Number Answered
Your Score History
You have not taken this quiz